[Event "Madrid 2011/2012- Semifinal A "]
[Site "Madrid ESP"]
[Date "2012.04.16"]
[Round "4.21"]
[White "Martos De La Vega, Alvar"]
[Black "Yagüe Sanchez, Sergio Roberto"]
[Result "1/2-1/2"]
[WhiteElo "1945"]
[BlackElo "1844"]
[PlyCount "165"]
[EventDate "2012.04.10"]
[EventType "swiss"]
[EventRounds "9"]
[EventCountry "ESP"]
[Source "lmi"]
[SourceDate "2012.04.10"]

1. d4 d5 2. c4 e6 3. Nc3 Nf6 4. cxd5 exd5 5. Bg5 Be7 6. Qc2 c6 7. e3 Nbd7 8.
Bd3 h6 9. Bh4 O-O 10. Nge2 Re8 11. O-O Ne4 12. Bxe7 Qxe7 13. Rac1 Ndf6 14. f3
Nxc3 15. Nxc3 Qd6 16. Qf2 Be6 17. h3 Rad8 18. Rcd1 Nh5 19. Ne2 f5 20. g4 fxg4
21. hxg4 Nf6 22. Nf4 Bxg4 23. Ng6 Bh5 24. Ne5 Nd7 25. Nxd7 Qxd7 26. Qh2 Qf7 27.
Rde1 Bg6 28. Bxg6 Qxg6+ 29. Kf2 Rf8 30. Rg1 Qf6 31. Rg3 Rde8 32. Qh3 Qe6 33.
Qg2 Re7 34. Rg6 Rf6 35. Rg3 Kh7 36. Re2 Rg6 37. Qh2 Qd6 38. f4 Rxg3 39. Qxg3
Qg6 40. Qh4 Qe4 41. Qg3 Rf7 42. Qf3 g5 43. Qxe4+ dxe4 44. Kg3 Kg6 45. Rc2 Rf5
46. Re2 h5 47. Rh2 Ra5 48. a3 Rb5 49. Re2 Kf5 50. fxg5 Kxg5 51. Rf2 Rb3 52. Re2
a5 53. Kh3 b5 54. Rg2+ Kf5 55. Re2 b4 56. axb4 axb4 57. Kh4 Ke6 58. Kxh5 Kd5
59. Kg4 Kc4 60. Kf4 Kd3 61. Rh2 Kc4 62. Kxe4 Kb5 63. Rc2 Kb6 64. Kf4 Rd3 65.
Rh2 b3 66. Ke4 Rd1 67. Re2 Kb5 68. Ke5 Kc4 69. Ke4 Kb5 70. Rg2 Kb6 71. Rg8 Kb7
72. Rg7+ Kb6 73. Rg6 Rd2 74. Ke5 Kb5 75. Rg8 Rxb2 76. Rb8+ Kc4 77. Rb6 Kd3 78.
e4 Rb1 79. Rxc6 Re1 80. d5 Rxe4+ 81. Kf6 b2 82. Rb6 Kc2 83. d6 1/2-1/2

[Event "Madrid 2011/2012- Semifinal A "]
[Site "Madrid ESP"]
[Date "2012.04.16"]
[Round "4.22"]
[White "Camarero Izquierdo, Juan Carlos"]
[Black "Fernandez Garcia, Ignacio"]
[Result "1/2-1/2"]
[WhiteElo "1881"]
[BlackElo "1909"]
[PlyCount "72"]
[EventDate "2012.04.10"]
[EventType "swiss"]
[EventRounds "9"]
[EventCountry "ESP"]
[Source "lmi"]
[SourceDate "2012.04.10"]

1. d4 c5 2. d5 d6 3. e4 Nf6 4. Nc3 g6 5. Be3 Bg7 6. Qd2 Ng4 7. f4 a6 8. Nf3
Nxe3 9. Qxe3 b5 10. e5 O-O 11. O-O-O Qa5 12. Kb1 c4 13. h4 Bg4 14. Ne4 dxe5 15.
h5 Nd7 16. Neg5 exf4 17. Qxf4 Qb4 18. Qc1 c3 19. b3 Bxh5 20. Rxh5 gxh5 21. Bd3
Nf6 22. Rh1 a5 23. Rh4 Qc5 24. Nd4 a4 25. Nf5 axb3 26. cxb3 Qf2 27. Bc2 Ra7 28.
Nxh7 Nxh7 29. Rxh5 Qd2 30. Qh1 Nf6 31. Nh6+ Bxh6 32. Rxh6 Rxa2 33. Rh8+ Kg7 34.
Rh7+ Nxh7 35. Qxh7+ Kf6 36. Qf5+ Kg7 1/2-1/2

[Event "Madrid 2011/2012- Semifinal A "]
[Site "Madrid ESP"]
[Date "2012.04.16"]
[Round "4.23"]
[White "Lopez Garralon, Miguel"]
[Black "Lopez Peral, Enrique"]
[Result "1-0"]
[WhiteElo "1928"]
[BlackElo "1844"]
[PlyCount "70"]
[EventDate "2012.04.10"]
[EventType "swiss"]
[EventRounds "9"]
[EventCountry "ESP"]
[Source "lmi"]
[SourceDate "2012.04.10"]

1. e4 e5 2. Nf3 Nf6 3. d3 d5 4. Nbd2 Bc5 5. h3 O-O 6. Be2 dxe4 7. dxe4 Nc6 8.
c3 Be6 9. Qc2 h6 10. Nf1 Qe7 11. g4 Nd7 12. Ng3 f6 13. Nh4 Qf7 14. b3 Ne7 15.
Ngf5 Kh8 16. Be3 a5 17. Bxc5 Nxc5 18. Nxe7 Rfd8 19. O-O Rd7 20. Nef5 g6 21. Ne3
Rg8 22. Bc4 Bxc4 23. Nxc4 h5 24. f3 Nd3 25. Rad1 Rgd8 26. Kh2 hxg4 27. fxg4 Qh7
28. Nf3 Nf4 29. h4 Rd3 30. Rxd3 Rxd3 31. Kg3 Qh6 32. Nb2 Rxc3 33. Qd1 Ne2+ 34.
Qxe2 Qf4+ 35. Kf2 Re3 1-0

[Event "Madrid 2011/2012- Semifinal A "]
[Site "Madrid ESP"]
[Date "2012.04.16"]
[Round "4.25"]
[White "Sterling Carmona, Francisco"]
[Black "Carrera Cabañeros, Francisco"]
[Result "1-0"]
[WhiteElo "2072"]
[BlackElo "1814"]
[PlyCount "115"]
[EventDate "2012.04.10"]
[EventType "swiss"]
[EventRounds "9"]
[EventCountry "ESP"]
[Source "lmi"]
[SourceDate "2012.04.10"]

1. d4 d5 2. c4 e6 3. Nc3 Nf6 4. Bg5 Be7 5. e3 O-O 6. cxd5 exd5 7. Bd3 h6 8. Bh4
c6 9. Nge2 Be6 10. f3 c5 11. O-O Nbd7 12. Kh1 Re8 13. Bg3 Nh5 14. Bf2 Bh4 15.
Qe1 Be7 16. Rd1 cxd4 17. Nxd4 Nhf6 18. Bb1 Bb4 19. a3 Ba5 20. Qd2 Rc8 21. b4
Bc7 22. Rfe1 Ne5 23. Ba2 Nc4 24. Qd3 Nb2 25. Qd2 Nxd1 26. Rxd1 Be5 27. Nde2 Qc7
28. Nb5 Qc2 29. Nxa7 Qxd2 30. Rxd2 Ra8 31. Nb5 Bd7 32. Ned4 Bxd4 33. Nxd4 Rxa3
34. g4 Rea8 35. Bb3 Ba4 36. Ba2 Bc6 37. Bb3 g6 38. Kg2 Nd7 39. Rb2 Nf8 40. b5
Bd7 41. Bxd5 Bc8 42. h4 Nd7 43. e4 Ne5 44. h5 g5 45. Bg3 Nd3 46. Rd2 Nb4 47.
Bb3 Na2 48. Bd6 R3a5 49. Rc2 Bd7 50. Rc7 Be6 51. Nxe6 Rxb5 52. Bc4 Rb2+ 53. Kg3
Nc3 54. Nxg5 Ne2+ 55. Kh3 hxg5 56. Bxf7+ Kg7 57. Be5+ Kh6 58. Bxb2 1-0

[Event "Madrid 2011/2012- Semifinal A "]
[Site "Madrid ESP"]
[Date "2012.04.16"]
[Round "4.26"]
[White "Hrybanova, Valeria"]
[Black "Redondo Garcia, Jose Luis"]
[Result "1-0"]
[WhiteElo "1498"]
[BlackElo "1817"]
[PlyCount "88"]
[EventDate "2012.04.10"]
[EventType "swiss"]
[EventRounds "9"]
[EventCountry "ESP"]
[Source "lmi"]
[SourceDate "2012.04.10"]

1. e4 c5 2. Nf3 e6 3. d4 cxd4 4. Nxd4 a6 5. Nc3 b5 6. a3 Bb7 7. Bd3 h6 8. Be3
Nc6 9. Nxc6 dxc6 10. Be2 Nf6 11. Qxd8+ Rxd8 12. O-O Be7 13. Rfd1 O-O 14. Bf3 c5
15. e5 Bxf3 16. Rxd8 Bxd8 17. exf6 Bxf6 18. gxf3 b4 19. axb4 cxb4 20. Na4 Rc8
21. Rc1 Rc6 22. b3 Kh7 23. Bd2 a5 24. c3 Rd6 25. Rc2 Rc6 26. c4 g5 27. Be3 Be7
28. Rd2 Kg6 29. c5 f5 30. Rd7 Kf7 31. Ra7 e5 32. Rxa5 f4 33. Bd2 Ke6 34. Bxb4
Kd5 35. Bc3 Ke6 36. b4 Kf5 37. b5 Rg6 38. Ra6 Rg8 39. Rxh6 g4 40. Rh5+ Bg5 41.
Kf1 Rd8 42. c6 Kg6 43. c7 Kxh5 44. cxd8=Q Bxd8 1-0

[Event "Madrid 2011/2012- Semifinal A "]
[Site "Madrid ESP"]
[Date "2012.04.17"]
[Round "5.1"]
[White "Garcia Gutierrez, Jose"]
[Black "Nuñez Reiz, Antonio"]
[Result "0-1"]
[WhiteElo "2028"]
[BlackElo "2061"]
[PlyCount "104"]
[EventDate "2012.04.10"]
[EventType "swiss"]
[EventRounds "9"]
[EventCountry "ESP"]
[Source "lmi"]
[SourceDate "2012.04.10"]

1. b3 e5 2. Bb2 Nc6 3. e3 Nf6 4. c4 Be7 5. Nf3 d6 6. Be2 O-O 7. Nc3 Re8 8. d3
h6 9. O-O Be6 10. a3 Qd7 11. Qc2 Bf8 12. Rfd1 Rad8 13. d4 Bf5 14. e4 Bh7 15.
dxe5 Nxe5 16. Nxe5 Rxe5 17. Nd5 Bxe4 18. Nxf6+ gxf6 19. Bd3 Bc6 20. Bxe5 fxe5
21. Be4 Bg7 22. Rd2 Kh8 23. Rad1 Rf8 24. c5 Bxe4 25. Qxe4 Qb5 26. cxd6 cxd6 27.
b4 f5 28. Qc2 Qa6 29. Rxd6 Qxa3 30. Qd2 f4 31. Rg6 e4 32. Re6 e3 33. fxe3 Qb3
34. Re4 Bf6 35. Qe2 fxe3 36. Rf1 Rd8 37. h3 Qd5 38. Ref4 Qd2 39. Qxd2 exd2 40.
Rd1 Bg5 41. Rf7 b5 42. Kf1 Rd4 43. Rxa7 Rxb4 44. Rd7 Rf4+ 45. Ke2 Re4+ 46. Kd3
Ra4 47. Rc7 Ra3+ 48. Kc2 Ra8 49. Rb1 Rb8 50. Rb3 Rd8 51. Kd1 Re8 52. Rd3 Re1+
0-1

[Event "Madrid 2011/2012- Semifinal A "]
[Site "Madrid ESP"]
[Date "2012.04.17"]
[Round "5.2"]
[White "Serrano Salvador, Eduardo"]
[Black "Gomez Gonzalez, Javier"]
[Result "1-0"]
[WhiteElo "2364"]
[BlackElo "2077"]
[PlyCount "97"]
[EventDate "2012.04.10"]
[EventType "swiss"]
[EventRounds "9"]
[EventCountry "ESP"]
[Source "lmi"]
[SourceDate "2012.04.10"]

1. d4 Nf6 2. Nf3 b6 3. c4 e6 4. a3 Bb7 5. Nc3 Be7 6. d5 O-O 7. e4 exd5 8. cxd5
d6 9. Bd3 c5 10. O-O Ne8 11. a4 g6 12. Nd2 Bf6 13. Nc4 Ba6 14. Nb5 Bxb5 15.
axb5 Nd7 16. Bh6 Bg7 17. Bxg7 Nxg7 18. Nxd6 Ne5 19. Nc4 Nxc4 20. Bxc4 Re8 21.
Re1 Qd6 22. g3 f5 23. e5 Rxe5 24. Rxe5 Qxe5 25. d6+ Kh8 26. d7 Rd8 27. Rxa7 Ne6
28. Qd5 Qxd5 29. Bxd5 Nf8 30. Bc6 Kg7 31. Rb7 Kf6 32. Rxb6 Ke7 33. Kf1 c4 34.
Ke2 Kd6 35. Rb7 Ne6 36. Ke3 Kc5 37. Ra7 Kb6 38. Ra1 Nc7 39. Rd1 Nxb5 40. Bxb5
Kxb5 41. Rd5+ Kb4 42. Kd4 Kb3 43. Rb5+ Kc2 44. Rb7 Kd2 45. Kxc4 Ke2 46. f4 Kf3
47. Kd5 Kg2 48. Ke6 Kxh2 49. Rb3 1-0

[Event "Madrid 2011/2012- Semifinal A "]
[Site "Madrid ESP"]
[Date "2012.04.17"]
[Round "5.3"]
[White "Rodrigo Yanguas, Maria"]
[Black "Garcia Prados, David"]
[Result "1-0"]
[WhiteElo "2181"]
[BlackElo "2070"]
[PlyCount "167"]
[EventDate "2012.04.10"]
[EventType "swiss"]
[EventRounds "9"]
[EventCountry "ESP"]
[Source "lmi"]
[SourceDate "2012.04.10"]

1. e4 c5 2. Nf3 e6 3. d4 cxd4 4. Nxd4 Nc6 5. Nc3 Nf6 6. Nxc6 dxc6 7. Qxd8+ Kxd8
8. Bg5 Be7 9. O-O-O+ Nd7 10. Bf4 Ke8 11. e5 f6 12. exf6 gxf6 13. Be2 h5 14.
Rhe1 Nb6 15. Ne4 e5 16. Bd2 Bf5 17. Ng3 Bg6 18. h4 Rd8 19. f4 exf4 20. Bxf4
Rxd1+ 21. Bxd1 Kf7 22. Bf3 Nc8 23. Rd1 Ke6 24. Be3 Bd6 25. Ne2 Rd8 26. Kb1 Rh8
27. Nd4+ Kf7 28. Be2 Ke7 29. a4 Rd8 30. g4 hxg4 31. Bxg4 Be5 32. h5 Bh7 33. Kc1
Bxd4 34. Bxd4 Nd6 35. Bxa7 f5 36. Be3 Ne4 37. Rxd8 Kxd8 38. Bf3 Kd7 39. b4 Nc3
40. a5 Na2+ 41. Kd2 Nxb4 42. c4 Ke6 43. Kc3 Na6 44. Kd4 Bg8 45. h6 Bh7 46. Bh5
Kd6 47. Bg5 Ke6 48. Ke3 Nc5 49. Bd1 Ne4 50. Bh4 Nc5 51. Be1 Nd7 52. Bb4 Kf6 53.
Bh5 Nb8 54. Kf4 Nd7 55. Bc3+ Ke6 56. Kg3 Nc5 57. Bg7 Ne4+ 58. Kf4 Nd6 59. Be2
Ne4 60. Bd4 Nd2 61. Bd3 Ne4 62. Bb2 Nc5 63. Bc2 Ne4 64. Bd4 Nd2 65. c5 Ne4 66.
Bb3+ Ke7 67. Ke5 Nd2 68. Bd1 Nc4+ 69. Kf4 Nd2 70. Bh5 Ke6 71. Be2 Kd5 72. Bg1
Ne4 73. Bd3 Ke6 74. Bc4+ Ke7 75. Be3 Kf6 76. Bb3 Ke7 77. Ke5 Nc3 78. Be6 Nd5
79. Bg5+ Kf8 80. Bc8 Nb4 81. Bxb7 f4 82. a6 Nd3+ 83. Kd4 Nxc5 84. Kxc5 1-0

[Event "Madrid 2011/2012- Semifinal A "]
[Site "Madrid ESP"]
[Date "2012.04.17"]
[Round "5.4"]
[White "Vukotic Jovsic, Dragan"]
[Black "Martin Duque, Jesus"]
[Result "0-1"]
[WhiteElo "1955"]
[BlackElo "2176"]
[PlyCount "88"]
[EventDate "2012.04.10"]
[EventType "swiss"]
[EventRounds "9"]
[EventCountry "ESP"]
[Source "lmi"]
[SourceDate "2012.04.10"]

1. d4 d5 2. Nf3 Nf6 3. Bf4 c5 4. e3 Nc6 5. Nc3 Bg4 6. Be2 e6 7. O-O Rc8 8. Na4
cxd4 9. exd4 Ne4 10. c3 a6 11. Nd2 Bxe2 12. Qxe2 Bd6 13. Bxd6 Nxd6 14. Nc5 O-O
15. f4 Nb8 16. Qe5 b6 17. Nd3 Nc4 18. Qe2 Nxd2 19. Qxd2 g6 20. Rae1 Nd7 21. Re3
Nf6 22. Rh3 Ne4 23. Qe3 Qe7 24. g4 f6 25. f5 exf5 26. gxf5 g5 27. Nb4 Qb7 28.
Re1 Rce8 29. Rf1 a5 30. Nc2 Qd7 31. Qd3 Qf7 32. Ne3 h5 33. c4 g4 34. Nxg4 hxg4
35. Rh6 dxc4 36. Qe2 Ng5 37. Qxg4 Re4 38. Qg2 Qd7 39. Rg6+ Kf7 40. Rxg5 Qxd4+
41. Kh1 fxg5 42. Qxg5 Rg8 43. Qh5+ Kf8 44. f6 Rh4 0-1

[Event "Madrid 2011/2012- Semifinal A "]
[Site "Madrid ESP"]
[Date "2012.04.17"]
[Round "5.5"]
[White "Cabañas Bravo, Juan Andres"]
[Black "Spitzer Isbert, Ramon"]
[Result "1-0"]
[WhiteElo "2092"]
[BlackElo "2046"]
[PlyCount "53"]
[EventDate "2012.04.10"]
[EventType "swiss"]
[EventRounds "9"]
[EventCountry "ESP"]
[Source "lmi"]
[SourceDate "2012.04.10"]

1. e4 Nf6 2. e5 Nd5 3. d4 d6 4. Bc4 Nb6 5. Bb3 Qd7 6. e6 fxe6 7. Nh3 Nc6 8. Ng5
Nd5 9. Be3 Nd8 10. Qd3 g6 11. c4 Nf6 12. Nc3 Bg7 13. Ba4 c6 14. h4 e5 15. dxe5
dxe5 16. Qc2 Qg4 17. Ne2 O-O 18. O-O-O Bf5 19. Qd2 b5 20. Bb3 bxc4 21. f3 cxb3
22. fxg4 bxa2 23. Qa5 Bb1 24. Nc3 Nxg4 25. Bg1 Nb7 26. Qa6 Nc5 27. Bxc5 1-0

[Event "Madrid 2011/2012- Semifinal A "]
[Site "Madrid ESP"]
[Date "2012.04.17"]
[Round "5.6"]
[White "Alvarez Abejon, Amilcar"]
[Black "Ramirez Garcia, Jorge Alberto"]
[Result "1/2-1/2"]
[WhiteElo "2069"]
[BlackElo "2222"]
[PlyCount "120"]
[EventDate "2012.04.10"]
[EventType "swiss"]
[EventRounds "9"]
[EventCountry "ESP"]
[Source "lmi"]
[SourceDate "2012.04.10"]

1. Nf3 d5 2. g3 c6 3. c4 Bg4 4. Ne5 Bh5 5. Bg2 e6 6. cxd5 exd5 7. O-O Nf6 8. d3
Bd6 9. Nf3 O-O 10. b3 Re8 11. Bb2 Nbd7 12. Nbd2 Ne5 13. Nxe5 Bxe5 14. Bxe5 Rxe5
15. Bf3 Qd7 16. e4 dxe4 17. Nxe4 Nxe4 18. dxe4 Qh3 19. Qe2 Rae8 20. Rfd1 Bxf3
21. Qxf3 Qe6 22. Rd4 Rxe4 23. Rxe4 Qxe4 24. Qxe4 Rxe4 25. Rd1 g5 26. Rd7 Rb4
27. h3 Kg7 28. Kg2 Kg6 29. Kf3 a5 30. Ke3 a4 31. bxa4 Rxa4 32. Rxb7 Rxa2 33.
Rc7 Rc2 34. g4 Rc3+ 35. Kd4 f6 36. Rc8 Rc2 37. Ke3 Rc3+ 38. Ke4 Rc1 39. Rc7 h5
40. gxh5+ Kxh5 41. Kf5 Kh6 42. Kxf6 Rc2 43. Ke5 Re2+ 44. Kd4 Rxf2 45. Rxc6+ Kh5
46. Ke3 Rh2 47. Kf3 Rxh3+ 48. Kg2 Ra3 49. Rc4 g4 50. Rc8 Ra2+ 51. Kg3 Ra3+ 52.
Kg2 Ra5 53. Rh8+ Kg5 54. Rg8+ Kf4 55. Rf8+ Rf5 56. Rxf5+ Kxf5 57. Kg3 Kg5 58.
Kg2 Kf4 59. Kf2 g3+ 60. Kg2 Kg4 1/2-1/2

[Event "Madrid 2011/2012- Semifinal A "]
[Site "Madrid ESP"]
[Date "2012.04.17"]
[Round "5.8"]
[White "Lopez De Turiso Sanchez, Jose Angel"]
[Black "Estrada Martinez, Cesar"]
[Result "1/2-1/2"]
[WhiteElo "2038"]
[BlackElo "2114"]
[PlyCount "35"]
[EventDate "2012.04.10"]
[EventType "swiss"]
[EventRounds "9"]
[EventCountry "ESP"]
[Source "lmi"]
[SourceDate "2012.04.10"]

1. e4 c5 2. Nf3 e6 3. d4 cxd4 4. Nxd4 a6 5. c4 Nf6 6. Nc3 d6 7. Be2 Be7 8. Be3
O-O 9. O-O Nc6 10. Rc1 Bd7 11. Qd2 Nxd4 12. Bxd4 Bc6 13. f3 Qa5 14. Rfd1 Nd7
15. Nd5 Bd8 16. Bc3 Qc5+ 17. Bd4 Qa5 18. Bc3 1/2-1/2

[Event "Madrid 2011/2012- Semifinal A "]
[Site "Madrid ESP"]
[Date "2012.04.17"]
[Round "5.9"]
[White "Ciuro Muñoz, Ricardo"]
[Black "Quintero Torres, Pedro"]
[Result "1-0"]
[WhiteElo "2110"]
[BlackElo "2022"]
[PlyCount "67"]
[EventDate "2012.04.10"]
[EventType "swiss"]
[EventRounds "9"]
[EventCountry "ESP"]
[Source "lmi"]
[SourceDate "2012.04.10"]

1. e4 c5 2. Nf3 e6 3. d3 Nc6 4. g3 d5 5. Nbd2 Nf6 6. Bg2 Be7 7. O-O O-O 8. e5
Nd7 9. Re1 Qc7 10. Qe2 b5 11. Nf1 Bb7 12. Bf4 Rfc8 13. c3 d4 14. N1d2 Nf8 15.
g4 dxc3 16. bxc3 f6 17. Bg3 fxe5 18. Rab1 Qd7 19. Bxe5 Rd8 20. d4 cxd4 21. cxd4
a6 22. Nb3 Rac8 23. Nc5 Bxc5 24. dxc5 Qd3 25. Qxd3 Rxd3 26. Bd6 Ra3 27. Rb2 Na5
28. c6 Ra4 29. cxb7 Nxb7 30. Bxf8 Kxf8 31. h3 Nc5 32. Rd2 Ne4 33. Rd4 Rcc4 34.
Rexe4 1-0

[Event "Madrid 2011/2012- Semifinal A "]
[Site "Madrid ESP"]
[Date "2012.04.17"]
[Round "5.12"]
[White "Camacho Casado, Demetrio"]
[Black "Elissalt Cardenas, Hector"]
[Result "0-1"]
[WhiteElo "1989"]
[BlackElo "2366"]
[PlyCount "61"]
[EventDate "2012.04.10"]
[EventType "swiss"]
[EventRounds "9"]
[EventCountry "ESP"]
[Source "lmi"]
[SourceDate "2012.04.10"]

1. d4 d6 2. e4 Nf6 3. Nc3 Nbd7 4. Nf3 e5 5. Bc4 h6 6. O-O c6 7. a4 Qc7 8. Re1
Be7 9. Qe2 g5 10. dxe5 dxe5 11. Rf1 Nf8 12. Ne1 Ne6 13. Bxe6 Bxe6 14. Kh1 Nd7
15. a5 Bb4 16. a6 b5 17. Bd2 Be7 18. b3 Nf8 19. Nd1 Ng6 20. Nd3 Nf4 21. Nxf4
exf4 22. f3 O-O 23. Nf2 b4 24. Nd3 c5 25. g3 fxg3 26. f4 Bh3 27. hxg3 Bxf1 28.
Rxf1 c4 29. Nxb4 Bxb4 30. Bxb4 Rfe8 31. fxg5 0-1

[Event "Madrid 2011/2012- Semifinal A "]
[Site "Madrid ESP"]
[Date "2012.04.17"]
[Round "5.14"]
[White "De La Fuente Gonzalez, Francisco"]
[Black "De La Horra Del Barco, Ricardo"]
[Result "1/2-1/2"]
[WhiteElo "2193"]
[BlackElo "2055"]
[PlyCount "75"]
[EventDate "2012.04.10"]
[EventType "swiss"]
[EventRounds "9"]
[EventCountry "ESP"]
[Source "lmi"]
[SourceDate "2012.04.10"]

1. c4 e5 2. Nc3 Nf6 3. g3 Nc6 4. Bg2 Bb4 5. e3 Bxc3 6. bxc3 e4 7. d4 exd3 8.
Qxd3 O-O 9. Nf3 Qe7 10. O-O Re8 11. Nd2 Qe5 12. Rb1 a6 13. e4 d6 14. Ba3 Qa5
15. Rb3 Be6 16. f4 b5 17. Kh1 bxc4 18. Nxc4 Qh5 19. Rb2 Rab8 20. Rxb8 Rxb8 21.
Ne3 Ng4 22. Nxg4 Bxg4 23. Rb1 Rxb1+ 24. Qxb1 Bd7 25. Qd3 Qa5 26. c4 Qe1+ 27.
Qf1 Qc3 28. Qc1 Qd3 29. c5 Nd4 30. cxd6 cxd6 31. Bb4 Nc2 32. a3 Bc6 33. Qf1
Nxb4 34. axb4 Qa3 35. Qe1 h6 36. h3 Qd3 37. Kh2 h5 38. h4 1/2-1/2

[Event "Madrid 2011/2012- Semifinal A "]
[Site "Madrid ESP"]
[Date "2012.04.17"]
[Round "5.15"]
[White "Rodriguez De Castro, Ayar"]
[Black "Lorenzo Bailador, Alfredo"]
[Result "1-0"]
[WhiteElo "2160"]
[BlackElo "2005"]
[PlyCount "50"]
[EventDate "2012.04.10"]
[EventType "swiss"]
[EventRounds "9"]
[EventCountry "ESP"]
[Source "lmi"]
[SourceDate "2012.04.10"]

1. d4 d5 2. c4 e6 3. Nf3 Nf6 4. g3 Be7 5. Bg2 O-O 6. O-O dxc4 7. Ne5 c5 8. e3
Qc7 9. Qe2 Nfd7 10. Nxc4 Nc6 11. Nc3 Nb6 12. Rd1 Nxc4 13. Qxc4 cxd4 14. exd4
Qb6 15. d5 Na5 16. Qe2 Bf6 17. Be3 Qb4 18. Rac1 Nc4 19. Ne4 Nxe3 20. Nxf6+ gxf6
21. Qxe3 Qxb2 22. d6 Rd8 23. Rc7 Rd7 24. Rc4 f5 25. Rdc1 Rxd6 1-0

[Event "Madrid 2011/2012- Semifinal A "]
[Site "Madrid ESP"]
[Date "2012.04.17"]
[Round "5.16"]
[White "Luna Hermoso, Angel"]
[Black "Andalon Gomez, Carlos Jesus"]
[Result "0-1"]
[WhiteElo "2013"]
[BlackElo "2035"]
[PlyCount "44"]
[EventDate "2012.04.10"]
[EventType "swiss"]
[EventRounds "9"]
[EventCountry "ESP"]
[Source "lmi"]
[SourceDate "2012.04.10"]

1. d4 d5 2. c4 e6 3. Nf3 Nf6 4. g3 dxc4 5. Bg2 a6 6. a4 c5 7. Na3 Nc6 8. Nxc4
cxd4 9. O-O Bc5 10. a5 O-O 11. Qc2 Qe7 12. Nfe5 Nb4 13. Qb1 Nfd5 14. Nd3 Nxd3
15. exd3 Bd7 16. Bd2 Bb5 17. Bxd5 exd5 18. Re1 Qf6 19. Ne5 Bd6 20. f4 Rfe8 21.
Nf3 Qg6 22. Nxd4 Bc5 0-1

[Event "Madrid 2011/2012- Semifinal A "]
[Site "Madrid ESP"]
[Date "2012.04.17"]
[Round "5.17"]
[White "Ocaña Lameiro, Oliver"]
[Black "Camarero Izquierdo, Juan Carlos"]
[Result "1-0"]
[WhiteElo "2002"]
[BlackElo "1881"]
[PlyCount "63"]
[EventDate "2012.04.10"]
[EventType "swiss"]
[EventRounds "9"]
[EventCountry "ESP"]
[Source "lmi"]
[SourceDate "2012.04.10"]

1. d4 f5 2. Nf3 Nf6 3. g3 d5 4. Bg2 Ne4 5. O-O e6 6. c4 c6 7. b3 Bd6 8. Nfd2
Qc7 9. f3 Nf6 10. e4 dxe4 11. fxe4 Ng4 12. Qe2 O-O 13. h3 Nh6 14. e5 Be7 15.
Nc3 Bb4 16. Bb2 Nd7 17. Nf3 b6 18. Rac1 Bxc3 19. Bxc3 Ba6 20. Ng5 Rfe8 21. Rfe1
Rad8 22. Qb2 Nf8 23. Bd2 Ng6 24. d5 exd5 25. cxd5 Rxe5 26. Ne6 Rxe1+ 27. Bxe1
Qe7 28. Nxd8 Qxd8 29. dxc6 Qc7 30. Qd4 Ne5 31. Bc3 Nd3 32. Qd7 1-0

[Event "Madrid 2011/2012- Semifinal A "]
[Site "Madrid ESP"]
[Date "2012.04.17"]
[Round "5.18"]
[White "Fernandez Garcia, Ignacio"]
[Black "Rojas Pozo, Jose Luis"]
[Result "1-0"]
[WhiteElo "1909"]
[BlackElo "1976"]
[PlyCount "79"]
[EventDate "2012.04.10"]
[EventType "swiss"]
[EventRounds "9"]
[EventCountry "ESP"]
[Source "lmi"]
[SourceDate "2012.04.10"]

1. e4 c6 2. Nc3 d5 3. d4 dxe4 4. Nxe4 Nd7 5. Bc4 e6 6. Nf3 Ngf6 7. Neg5 Bd6 8.
O-O h6 9. Nxe6 fxe6 10. Bxe6 Nb6 11. Bb3 Bg4 12. Qd3 Bh5 13. c4 Bc7 14. Re1+
Kf8 15. Bd2 a5 16. Bc3 Kf7 17. Qf5 Bg6 18. Qe6+ Kf8 19. Ne5 Be8 20. Qf5 Qc8 21.
Qf3 Bh5 22. Qe3 Kg8 23. Rad1 Qf5 24. Rd2 Re8 25. h3 a4 26. Bc2 Qg5 27. f4 Qh4
28. b3 axb3 29. axb3 g5 30. Rf1 gxf4 31. Rxf4 Qg5 32. Qf2 Nbd7 33. Rf5 Qg7 34.
Nxd7 Qxd7 35. Rxf6 Bd8 36. Rf5 Bf7 37. Qg3+ Kf8 38. Rxf7+ Qxf7 39. Rf2 Bf6 40.
Bb4+ 1-0

[Event "Madrid 2011/2012- Semifinal A "]
[Site "Madrid ESP"]
[Date "2012.04.17"]
[Round "5.19"]
[White "Lopez Heras, Arturo"]
[Black "Martos De La Vega, Alvar"]
[Result "1-0"]
[WhiteElo "1882"]
[BlackElo "1945"]
[PlyCount "77"]
[EventDate "2012.04.10"]
[EventType "swiss"]
[EventRounds "9"]
[EventCountry "ESP"]
[Source "lmi"]
[SourceDate "2012.04.10"]

1. e4 c5 2. Nf3 d6 3. d4 cxd4 4. Nxd4 Nf6 5. Nc3 a6 6. f4 e5 7. Nf5 Bxf5 8.
exf5 Nc6 9. g4 Nd7 10. g5 h6 11. Bg2 Be7 12. Nd5 hxg5 13. fxg5 Nb6 14. Nxe7
Qxe7 15. Qd3 d5 16. Be3 Qb4+ 17. Kf2 Qh4+ 18. Kf1 d4 19. Bd2 O-O 20. Re1 Nd7
21. Re4 Qh5 22. Bf3 Qh3+ 23. Bg2 Qxf5+ 24. Qf3 Qe6 25. Rh4 g6 26. Bh3 f5 27.
gxf6 Qxf6 28. Qxf6 Rxf6+ 29. Ke2 Nf8 30. Bg5 Rf7 31. Bg2 Rf5 32. Bd5+ Kg7 33.
Bh6+ Kf6 34. Bd2 Ne6 35. Rg1 Nf4+ 36. Bxf4 exf4 37. Be4 Re8 38. Kf3 Ne5+ 39.
Kf2 1-0

[Event "Madrid 2011/2012- Semifinal A "]
[Site "Madrid ESP"]
[Date "2012.04.17"]
[Round "5.20"]
[White "Martinez Montalvo, Eduardo"]
[Black "Santacruz Molina, Ildefonso"]
[Result "1/2-1/2"]
[WhiteElo "1860"]
[BlackElo "1933"]
[PlyCount "61"]
[EventDate "2012.04.10"]
[EventType "swiss"]
[EventRounds "9"]
[EventCountry "ESP"]
[Source "lmi"]
[SourceDate "2012.04.10"]

1. e4 c5 2. d4 cxd4 3. c3 Qa5 4. Bd2 Qb6 5. Bc1 Nc6 6. Nf3 d3 7. Bxd3 e6 8. O-O
Be7 9. Nbd2 d6 10. Nc4 Qc7 11. Bf4 e5 12. Bg3 Be6 13. Qe2 h5 14. h4 O-O-O 15.
Ne3 Nf6 16. b4 Ng4 17. Nd5 Bxd5 18. exd5 Nb8 19. c4 Nd7 20. c5 dxc5 21. Bf5 f6
22. Rfc1 Kb8 23. bxc5 Bxc5 24. Qb5 Qb6 25. Bxd7 Bxf2+ 26. Bxf2 Qxf2+ 27. Kh1 e4
28. Rab1 b6 29. Qc6 Rxd7 30. Qxd7 Qg3 31. d6 1/2-1/2

[Event "Madrid 2011/2012- Semifinal A "]
[Site "Madrid ESP"]
[Date "2012.04.17"]
[Round "5.21"]
[White "Yagüe Sanchez, Sergio Roberto"]
[Black "Lopez Garralon, Miguel"]
[Result "0-1"]
[WhiteElo "1844"]
[BlackElo "1928"]
[PlyCount "70"]
[EventDate "2012.04.10"]
[EventType "swiss"]
[EventRounds "9"]
[EventCountry "ESP"]
[Source "lmi"]
[SourceDate "2012.04.10"]

1. d4 d6 2. c4 Nf6 3. Nc3 Nbd7 4. e4 e5 5. Nf3 c6 6. Be2 Be7 7. Be3 Qc7 8. O-O
h6 9. Rc1 g5 10. b4 Ng4 11. Bd2 exd4 12. Nxd4 Nde5 13. h3 Nf6 14. Nf3 Be6 15.
Nxe5 dxe5 16. b5 Rd8 17. Qc2 Bc5 18. bxc6 bxc6 19. Na4 Qd6 20. Rfd1 Bd4 21. c5
Qd7 22. Be3 O-O 23. Bxd4 exd4 24. f3 Nh5 25. Bd3 Nf4 26. a3 Rb8 27. Bc4 d3 28.
Bxe6 Qxe6 29. Rxd3 Nxd3 30. Qxd3 Rfd8 31. Qa6 Qd7 32. Kh2 Qc7+ 33. Kg1 Rd2 34.
Nc3 Rbb2 35. Qf1 Qg3 0-1